header

Quiet magic (Record no. 244314)

MARC details
000 -LEADER
fixed length control field 01528nam a2200361Ia 4500
082 04 - DEWEY DECIMAL CLASSIFICATION NUMBER
Classification number 977.6/771
100 1# - MAIN ENTRY--AUTHOR NAME
Personal name Cook, Sam.
245 10 - TITLE STATEMENT
Title Quiet magic
250 ## - EDITION STATEMENT
Edition statement 1st University of Minnesota Press ed.
260 ## - PUBLICATION, DISTRIBUTION, ETC. (IMPRINT)
Place of publication Minneapolis :
Name of publisher University of Minnesota Press,
Year of publication 2002.
300 ## - PHYSICAL DESCRIPTION
Number of Pages 181 p.
500 ## - GENERAL NOTE
General note Originally published: Duluth, MN : Pfeifer-Hamilton, c1989.
General note A collection of stories and columns which originally appeared in the Duluth News-Tribune.
650 #0 - SUBJECT ADDED ENTRY--TOPICAL TERM
Topical Term Outdoor life
Topical Term Outdoor life
700 1# - ADDED ENTRY--PERSONAL NAME
Personal name Carr, Bob.
856 40 - ELECTRONIC LOCATION AND ACCESS
Uniform Resource Identifier http://site.ebrary.com/lib/rucke/Doc?id=10159607

No items available.

© 2026 Rongo University
Contact us: librarian | system librarian | Rongo university